Statistiche per Stati per punto più elevato - America del Nord

Clicka qui per fare il quiz!

Statistiche generali

  • Questo quiz è stato fatto 4 volte
  • Il punteggio medio è 6 su 10

Statistiche sulle risposte

Altitudine (m)Punto più elevatoNazione% Corretto
5 959Monte LoganCanada
100%
6 190DenaliStati Uniti
100%
4 220TajumulcoGuatemala
75%
2 870Cerro Las MinasHonduras
75%
3 475Vulcano BarùPanama
75%
3 820Cerro ChirripóCosta Rica
50%
2 730Cerro El PitalEl Salvador
50%
2 256Blue Mountain PeakGiamaica
25%
2 680Pic la SelleHaiti
25%
3 098Pico DuarteRepubblica Dominicana
25%

Distribuzione punteggi

Percentile per numero di risposta

Percentuale di utenti per punteggio

I tuoi punteggi nel tempo

Non hai fatto questo quiz